[Event "BCF-chT4S 1920 (4NCL)"]
[Site "England"]
[Date "2020.02.08"]
[Round "5.24"]
[White "Lawson, Maurice Elliot"]
[Black "Shaw, John S"]
[Result "1-0"]
[WhiteElo "1962"]
[BlackElo "1687"]
[PlyCount "65"]
[EventDate "2019.11.09"]
[EventType "team-swiss"]
[EventRounds "11"]
[EventCountry "ENG"]
[SourceTitle "EXT 2022"]
[Source "ChessBase"]
[SourceDate "2021.10.06"]
[SourceVersion "1"]
[SourceVersionDate "2021.10.06"]
[SourceQuality "1"]
[WhiteTeam "CSC II"]
[BlackTeam "MK Phoenix II"]
[WhiteTeamCountry "ENG"]
[BlackTeamCountry "ENG"]

1. e4 c5 2. Nc3 Nc6 3. Bb5 Nd4 4. Bd3 d6 5. Nce2 Nxe2 6. Qxe2 e5 7. c3 g6 8. Bc2 Bg7 9. d3 Ne7 10. f4 0-0 11. Nf3 exf4 12. Bxf4 d5 13. 0-0 h6 14. Rad1 Be6 15. d4 dxe4 16. Bxe4 Nd5 17. Be5 cxd4 18. Bxg7 Kxg7 19. Nxd4 Qb6 20. Bxd5 Bxd5 21. Qe5+ Kg8 22. Qxd5 Qxb2 23. Rf6 Rad8 24. Rxg6+ Kh7 25. Rd6 Rxd6 26. Qxd6 Rg8 27. Qd5 Qxc3 28. Qxf7+ Rg7 29. Qf5+ Kh8 30. Ne6 Qe3+ 31. Kh1 Qe2 32. Qf8+ Rg8 33. Qxh6# 1-0

[Event "BCF-chT4S 1819 (4NCL)"]
[Site "England"]
[Date "2019.04.13"]
[Round "7.76"]
[White "Shaw, John S"]
[Black "Weersing, Sarah"]
[Result "0-1"]
[WhiteElo "1707"]
[BlackElo "1772"]
[PlyCount "54"]
[EventDate "2018.11.17"]
[EventType "team-swiss"]
[EventRounds "11"]
[EventCountry "ENG"]
[SourceTitle "EXT 2021"]
[Source "ChessBase"]
[SourceDate "2020.10.23"]
[SourceVersion "1"]
[SourceVersionDate "2020.10.23"]
[SourceQuality "1"]
[WhiteTeam "MK Phoenix II"]
[BlackTeam "Poisoned Pawns Next Generation"]
[WhiteTeamCountry "ENG"]
[BlackTeamCountry "ENG"]

1. Nf3 Nf6 2. g3 d5 3. Bg2 c6 4. 0-0 Bf5 5. d3 h6 6. Nbd2 e6 7. Re1 Bc5 8. d4 Bb6 9. c4 Nbd7 10. b3 0-0 11. Bb2 Re8 12. e3 Bc7 13. Rc1 e5 14. dxe5 Nxe5 15. Nxe5 Bxe5 16. Bxe5 Rxe5 17. Nf3 Re7 18. cxd5 Nxd5 19. Nd4 Bg6 20. a3 Rd7 21. Qg4 Nf6 22. Qf4 Qa5 23. a4 Nd5 24. Qg4 Rad8 25. Bxd5 Rxd5 26. Qe2 c5 27. Qb5 cxd4 0-1

[Event "Gibraltar Amateur op-B"]
[Site "Caleta"]
[Date "2018.01.30"]
[Round "4"]
[White "Shaw, John S"]
[Black "Marcos Herrero, Francisco"]
[Result "0-1"]
[WhiteElo "1680"]
[BlackElo "1876"]
[PlyCount "38"]
[EventDate "2018.01.27"]
[EventType "swiss"]
[EventRounds "5"]
[EventCountry "GGB"]
[SourceTitle "EXT 2019"]
[Source "ChessBase"]
[SourceDate "2018.10.10"]
[SourceVersion "1"]
[SourceVersionDate "2018.10.10"]
[SourceQuality "1"]

1. Nf3 Nf6 2. b3 c5 3. Bb2 g6 4. c4 Bg7 5. e3 0-0 6. Nc3 Nc6 7. d4 cxd4 8. exd4 d5 9. Be2 Bg4 10. 0-0 dxc4 11. Bxc4 Bxf3 12. Qxf3 Qxd4 13. Rad1 Qb6 14. Rfe1 Rad8 15. Rxd8 Rxd8 16. Ne4 Nd4 17. Bxd4 Rxd4 18. Nxf6+ Bxf6 19. Rxe7 Rxc4 0-1

[Event "Gibraltar Amateur op-B"]
[Site "Caleta"]
[Date "2018.01.29"]
[Round "3"]
[White "Garcia Blazquez, Perez Manuel"]
[Black "Shaw, John S"]
[Result "0-1"]
[WhiteElo "1877"]
[BlackElo "1680"]
[PlyCount "94"]
[EventDate "2018.01.27"]
[EventType "swiss"]
[EventRounds "5"]
[EventCountry "GGB"]
[SourceTitle "EXT 2019"]
[Source "ChessBase"]
[SourceDate "2018.10.10"]
[SourceVersion "1"]
[SourceVersionDate "2018.10.10"]
[SourceQuality "1"]

1. e4 c5 2. Nf3 Nc6 3. Bb5 d6 4. d4 cxd4 5. Qxd4 Bd7 6. Bxc6 Bxc6 7. c4 Nf6 8. Nc3 g6 9. h3 Bg7 10. Qd3 0-0 11. Be3 Qc7 12. Rc1 Rac8 13. 0-0 a6 14. b3 Rfd8 15. Nd4 e6 16. Rfe1 Qa5 17. Bd2 Qb6 18. Bg5 Re8 19. Rcd1 d5 20. exd5 exd5 21. Nxc6 dxc4 22. Rxe8+ Rxe8 23. Qg3 bxc6 24. bxc4 Qa5 25. Bd2 Qc5 26. Qh4 Qh5 27. Bg5 Qxh4 28. Bxh4 Ne4 29. Nxe4 Rxe4 30. Rd8+ Bf8 31. Bf6 Re6 32. Bb2 f5 33. Ba3 Rf6 34. Bxf8 Rxf8 35. Rd6 Rc8 36. c5 a5 37. Kf1 Rb8 38. Rd2 Rb5 39. Rc2 Kf7 40. Ke2 Ke6 41. Kd3 Kd5 42. Re2 Kxc5 43. Re7 Rb2 44. Rxh7 Rxf2 45. g4 fxg4 46. hxg4 Rg2 47. Rh4 g5 0-1

[Event "BCF-chT4S 1718 (4NCL)"]
[Site "England"]
[Date "2017.11.12"]
[Round "2.66"]
[White "Shaw, John S"]
[Black "Faizi, Tariq"]
[Result "1-0"]
[WhiteElo "1709"]
[BlackElo "1456"]
[PlyCount "33"]
[EventDate "2017.11.11"]
[EventType "team-swiss"]
[EventRounds "11"]
[EventCountry "ENG"]
[SourceTitle "EXT 2020"]
[Source "ChessBase"]
[SourceDate "2019.10.17"]
[SourceVersion "1"]
[SourceVersionDate "2019.10.17"]
[SourceQuality "1"]
[WhiteTeam "MK Phoenix II"]
[BlackTeam "The Pitstop"]
[WhiteTeamCountry "ENG"]
[BlackTeamCountry "ENG"]

1. Nf3 Nc6 2. d4 d5 3. Bf4 Nf6 4. e3 e6 5. Nbd2 Bd7 6. c3 Ne7 7. Bd3 Ng6 8. Ne5 Rc8 9. Bg3 c5 10. 0-0 cxd4 11. exd4 b5 12. Nxd7 Qxd7 13. Qe2 a6 14. a4 bxa4 15. Bxa6 Ne7 16. Bxc8 Nxc8 17. Qa6 1-0

[Event "BCF-chT3 1415 (4NCL)"]
[Site "England"]
[Date "2015.05.03"]
[Round "10.240"]
[White "Riley, Adrian K"]
[Black "Shaw, John S"]
[Result "1/2-1/2"]
[WhiteElo "1587"]
[BlackElo "1726"]
[PlyCount "76"]
[EventDate "2015.03.21"]
[EventType "team-swiss"]
[EventRounds "11"]
[EventCountry "ENG"]
[SourceTitle "EXT 2016"]
[Source "ChessBase"]
[SourceDate "2015.10.08"]
[SourceVersion "1"]
[SourceVersionDate "2015.10.08"]
[SourceQuality "1"]
[WhiteTeam "Oxford III"]
[BlackTeam "MK Phoenix II"]
[WhiteTeamCountry "ENG"]
[BlackTeamCountry "ENG"]

1. Nf3 c5 2. e4 Nc6 3. c4 g6 4. Nc3 Bg7 5. d3 d6 6. h3 e6 7. Be2 Nge7 8. Be3 Nd4 9. Qd2 Nec6 10. 0-0 0-0 11. Bh6 Nxf3+ 12. Bxf3 Nd4 13. Bd1 Bd7 14. Bxg7 Kxg7 15. Ne2 e5 16. Nxd4 cxd4 17. b4 f5 18. f3 f4 19. Kh2 g5 20. Rg1 h5 21. g3 Qf6 22. gxf4 exf4 23. Qf2 Kf7 24. Bb3 Be6 25. Rac1 Rh8 26. c5 Rag8 27. Bxe6+ Kxe6 28. Rc4 g4 29. Qxd4 Qxd4 30. Rxd4 dxc5 31. bxc5 gxf3 32. Rd6+ Ke5 33. Rd5+ Ke6 34. Rf1 Rg2+ 35. Kh1 Rhg8 36. h4 R2g3 37. Rxf3 Rg1+ 38. Kh2 R1g2+ 1/2-1/2

[Event "BCF-chT3S 1415 (4NCL)"]
[Site "England"]
[Date "2015.02.15"]
[Round "6.160"]
[White "Bourne, Iain"]
[Black "Shaw, John S"]
[Result "1-0"]
[WhiteElo "1889"]
[BlackElo "1727"]
[PlyCount "83"]
[EventDate "2014.11.15"]
[EventType "team-swiss"]
[EventRounds "6"]
[EventCountry "ENG"]
[SourceTitle "EXT 2016"]
[Source "ChessBase"]
[SourceDate "2015.10.08"]
[SourceVersion "1"]
[SourceVersionDate "2015.10.08"]
[SourceQuality "1"]
[WhiteTeam "Leeds University Old Boys"]
[BlackTeam "MK Phoenix II"]
[WhiteTeamCountry "ENG"]
[BlackTeamCountry "ENG"]

1. d4 d5 2. c4 c6 3. Nf3 Nf6 4. e3 Bf5 5. Nc3 e6 6. Nh4 Bg6 7. Bd2 Nbd7 8. Nxg6 hxg6 9. Rc1 Bd6 10. g3 Qe7 11. c5 Bc7 12. f4 Ne4 13. Nxe4 dxe4 14. Qc2 f5 15. Bc4 Rb8 16. Qa4 a6 17. Qb3 Kf7 18. h4 Nf6 19. Ke2 Nd5 20. a3 Qd8 21. Qa2 a5 22. b4 axb4 23. axb4 Ra8 24. Qb3 Qd7 25. b5 Ba5 26. Ra1 Bxd2 27. Kxd2 cxb5 28. Bxb5 Qc7 29. Rhb1 Ra5 30. Bc4 Rha8 31. Rxa5 Qxa5+ 32. Kc2 Qa4 33. Bxd5 exd5 34. Qxa4 Rxa4 35. Rxb7+ Kf6 36. Rd7 Ra2+ 37. Kc3 Re2 38. Rxd5 Rxe3+ 39. Kb4 Re1 40. Re5 e3 41. Kc4 e2 42. Kd5 1-0

[Event "BCF-chT3 0910 (4NCL)"]
[Site "England"]
[Date "2009.10.24"]
[Round "1.6"]
[White "Blackburn, Suzie G"]
[Black "Shaw, John S"]
[Result "0-1"]
[WhiteElo "1912"]
[BlackElo "1930"]
[PlyCount "89"]
[EventDate "2009.10.24"]
[EventType "team-tourn"]
[EventRounds "11"]
[EventCountry "ENG"]
[SourceTitle "EXT 2011"]
[Source "ChessBase"]
[SourceDate "2010.11.26"]
[SourceVersion "1"]
[SourceVersionDate "2010.11.26"]
[SourceQuality "1"]
[WhiteTeam "Rhyfelwyr Essyllwg"]
[BlackTeam "FCA Solutions II"]
[WhiteTeamCountry "ENG"]
[BlackTeamCountry "ENG"]

1. d4 Nf6 2. Nf3 e6 3. Bg5 h6 4. Bh4 d6 5. Nbd2 g5 6. Bg3 Nh5 7. e4 Bg7 8. c3 Nd7 9. Bc4 0-0 10. Qe2 a6 11. 0-0-0 b5 12. Bb3 Nxg3 13. hxg3 c5 14. e5 cxd4 15. cxd4 dxe5 16. dxe5 Nxe5 17. Nxe5 Qc7+ 18. Ndc4 bxc4 19. Nxc4 Bb7 20. Rh2 Bd5 21. Kb1 Rfc8 22. Nd2 Rab8 23. Rhh1 Bxb2 24. Qd3 Bg7 25. Rhe1 a5 26. Rc1 Qb6 27. Rxc8+ Rxc8 28. Rc1 Rxc1+ 29. Kxc1 Bxb3 30. axb3 Qxf2 31. Qd8+ Kh7 32. Qd3+ Qf5 33. Qd8 Qd5 34. Qc7 Kg6 35. Nc4 Qxg2 36. Nxa5 Qb2+ 37. Kd1 Bc3 38. Nc4 Qxb3+ 39. Ke2 Qc2+ 40. Kf3 Qd3+ 41. Kg2 Qe2+ 42. Kh1 Bd4 43. Qc6 Qf1+ 44. Kh2 Bg1+ 45. Kh1 0-1

[Event "BCF-chT3 0809 (4NCL)"]
[Site "Hinckley Island"]
[Date "2009.05.03"]
[Round "10.6"]
[White "Shaw, John S"]
[Black "Adair, Andrew"]
[Result "1-0"]
[WhiteElo "1895"]
[BlackElo "1740"]
[PlyCount "83"]
[EventDate "2008.10.18"]
[EventType "team-swiss"]
[EventRounds "11"]
[EventCountry "ENG"]
[SourceTitle "EXT 2010"]
[Source "ChessBase"]
[SourceDate "2010.11.25"]
[SourceVersion "1"]
[SourceVersionDate "2010.11.25"]
[SourceQuality "1"]
[WhiteTeam "FCA Solutions II"]
[BlackTeam "Guildford V"]
[WhiteTeamCountry "ENG"]
[BlackTeamCountry "ENG"]

1. d4 Nf6 2. Nf3 e6 3. e3 c5 4. Bd3 d5 5. b3 Bd6 6. 0-0 b6 7. Nbd2 Bb7 8. Bb2 Nbd7 9. Ne5 0-0 10. f4 a6 11. Rf3 Ne4 12. Nxd7 Qxd7 13. Rh3 f5 14. Nf3 cxd4 15. Bxd4 Bc5 16. Ne5 Qc7 17. Bxe4 Bxd4 18. exd4 dxe4 19. Qh5 g6 20. Nxg6 Rf7 21. c4 Rg7 22. Ne5 Qd6 23. Rd1 Rd8 24. Rg3 Qf8 25. Qh6 Rd6 26. Qxg7+ Qxg7 27. Rxg7+ Kxg7 28. Kf2 Rd8 29. Ke3 Kf8 30. g4 Ke7 31. g5 Rg8 32. h4 h6 33. Rg1 Rg7 34. g6 Kf6 35. h5 Bc8 36. b4 Bd7 37. Nxd7+ Rxd7 38. c5 bxc5 39. bxc5 Kg7 40. Rb1 Kf6 41. c6 Rc7 42. Rb7 1-0

[Event "BCF-chT3 0809 (4NCL)"]
[Site "Hinckley Island"]
[Date "2009.03.22"]
[Round "8.6"]
[White "Maguire, Robert"]
[Black "Shaw, John S"]
[Result "1/2-1/2"]
[WhiteElo "1702"]
[BlackElo "1895"]
[PlyCount "61"]
[EventDate "2008.10.18"]
[EventType "team-swiss"]
[EventRounds "11"]
[EventCountry "ENG"]
[SourceTitle "EXT 2010"]
[Source "ChessBase"]
[SourceDate "2010.11.25"]
[SourceVersion "1"]
[SourceVersionDate "2010.11.25"]
[SourceQuality "1"]
[WhiteTeam "KJCA Kings"]
[BlackTeam "FCA Solutions II"]
[WhiteTeamCountry "ENG"]
[BlackTeamCountry "ENG"]

1. e4 c5 2. Nf3 Nc6 3. d4 cxd4 4. Nxd4 Nf6 5. Nc3 e5 6. Ndb5 d6 7. Bg5 a6 8. Na3 b5 9. Nd5 Be7 10. Bxf6 Bxf6 11. c3 0-0 12. Nc2 Rb8 13. a4 bxa4 14. Ncb4 Nxb4 15. Nxb4 Bd7 16. Bxa6 Qb6 17. Bd3 d5 18. Nxd5 Qxb2 19. Bc2 Be6 20. 0-0 Bxd5 21. exd5 Qxc3 22. Bxa4 Qd4 23. Qxd4 exd4 24. Rab1 Rxb1 25. Rxb1 Rd8 26. Bc6 Be5 27. g3 Rb8 28. Ra1 g6 29. f4 Bd6 30. Kf1 h5 31. Ra2 1/2-1/2

[Event "BCF-chT4 0708 (4NCL)"]
[Site "England"]
[Date "2008.02.10"]
[Round "6.6"]
[White "Shaw, John S"]
[Black "Staples, Daniel J"]
[Result "0-1"]
[WhiteElo "1600"]
[BlackElo "2045"]
[PlyCount "78"]
[EventDate "2007.09.15"]
[EventType "team-swiss"]
[EventRounds "11"]
[EventCountry "ENG"]
[SourceTitle "EXT 2009"]
[Source "ChessBase"]
[SourceDate "2008.11.26"]
[SourceVersion "1"]
[SourceVersionDate "2008.11.26"]
[SourceQuality "1"]
[WhiteTeam "FCA Solutions II"]
[BlackTeam "AMCA Dragons"]
[WhiteTeamCountry "ENG"]
[BlackTeamCountry "ENG"]

1. d4 Nf6 2. Nf3 e6 3. e3 b6 4. Bd3 Bb7 5. 0-0 Be7 6. c4 0-0 7. Nc3 d5 8. b3 Nbd7 9. Bb2 c5 10. Re1 Ne4 11. cxd5 Nxc3 12. Bxc3 exd5 13. Rc1 Rc8 14. Bf5 g6 15. Bxd7 Qxd7 16. Ne5 Qf5 17. dxc5 Rxc5 18. Ng4 Bg5 19. f4 h5 20. Qd4 f6 21. fxg5 hxg4 22. gxf6 Rf7 23. Qe5 Qc8 24. Qg5 Rxc3 25. Qxg6+ Kf8 26. Qh6+ Ke8 27. Rcd1 Qc5 28. Qg6 Qf8 29. e4 Qc5+ 30. Kh1 d4 31. e5 Rc2 32. Rg1 Qxe5 33. Rde1 Bxg2+ 34. Rxg2 Qxe1+ 35. Rg1 Qe2 36. Qg8+ Rf8 37. Qg6+ Kd8 38. Qh6 Qf3+ 39. Rg2 Qxg2# 0-1

[Event "BCF-chT4 0708 (4NCL)"]
[Site "England"]
[Date "2008.02.09"]
[Round "5.6"]
[White "Maguire, Robert"]
[Black "Shaw, John S"]
[Result "1/2-1/2"]
[WhiteElo "1703"]
[BlackElo "1600"]
[PlyCount "117"]
[EventDate "2007.09.15"]
[EventType "team-swiss"]
[EventRounds "11"]
[EventCountry "ENG"]
[SourceTitle "EXT 2009"]
[Source "ChessBase"]
[SourceDate "2008.11.26"]
[SourceVersion "1"]
[SourceVersionDate "2008.11.26"]
[SourceQuality "1"]
[WhiteTeam "KJCA Kings"]
[BlackTeam "FCA Solutions II"]
[WhiteTeamCountry "ENG"]
[BlackTeamCountry "ENG"]

1. e4 c5 2. Nf3 Nc6 3. d4 cxd4 4. Nxd4 Nf6 5. Nc3 e5 6. Ndb5 d6 7. Bg5 a6 8. Na3 b5 9. Nd5 Be7 10. Bxf6 Bxf6 11. c3 0-0 12. Nc2 Bg5 13. a4 bxa4 14. Rxa4 a5 15. Bc4 Be6 16. b3 Ne7 17. h4 Bh6 18. g4 Bf4 19. Nce3 Nxd5 20. Bxd5 Rc8 21. Nc4 Bxd5 22. exd5 Rc5 23. Rh3 Qa8 24. Qa1 Qxd5 25. Rxa5 Rxa5 26. Qxa5 Qg2 27. Re3 Bxe3 28. Nxe3 Qh1+ 29. Ke2 Qxh4 30. Qb4 Rd8 31. Nf5 Qf6 32. Qb7 h5 33. Ne7+ Kf8 34. Nd5 Qg5 35. gxh5 Qxh5+ 36. f3 Qh2+ 37. Kd3 Qh6 38. Kc4 Qh4+ 39. Kb5 g6 40. c4 Re8 41. Qc7 Qd8 42. Kc6 Qxc7+ 43. Kxc7 f5 44. Kxd6 Kf7 45. b4 g5 46. b5 g4 47. fxg4 fxg4 48. Ne3 g3 49. b6 Re6+ 50. Kc7 Re7+ 51. Kb8 Ke6 52. b7 Kd7 53. Ka8 Re8+ 54. b8Q Rxb8+ 55. Kxb8 Kc6 56. Ka7 Kc5 57. Ka6 Kd4 58. Nf5+ Kxc4 59. Nxg3 1/2-1/2